X-ray diffraction procedures for polycrystalline and amorphous materials /

Guardado en:
Autor Principal: Klug, Harold P. 1902-
Otros Autores: Alexander, Leroy E. 1910-
Formato: Libro
Idioma:English
Publicado: New York : Wiley, c1974.
Edición:2nd ed.
Materias:
Acceso en línea:Tabla de contenido
Etiquetas: Agregar Etiqueta
Sin Etiquetas, Sea el primero en etiquetar este registro!
LEADER 00956cam a22002535a 4500
001 EIQ.libpla004015
008 731213s1974####nyua#####b####001#0#eng#d
005 20080428174639.0
245 1 0 |a X-ray diffraction procedures for polycrystalline and amorphous materials /  |c [by] Harold P. Klug [and] Leroy E. Alexander. 
250 |a 2nd ed. 
260 |a New York :  |b Wiley,  |c c1974. 
300 |a xxv, 966 p. :  |b il. ;  |c 23 cm. 
500 |a "A Wiley-Interscience publication." 
504 |a Incluye referencias bibliográficas e índice. 
020 |a 0471493694 
100 1 |a Klug, Harold P.  |q (Harold Philip),  |d 1902- 
700 1 |a Alexander, Leroy E.  |q (Leroy Elbert),  |d 1910- 
082 0 0 |a 548/.83 
650 4 |a Rayos-X  |x Difracción. 
650 0 |a X-rays  |x Diffraction. 
010 |a  73021936  
040 |a DLC  |c DLC  |d AR-BbSID 
856 4 |3 Tabla de contenido  |u http://www.loc.gov/catdir/toc/onix02/73021936.html 
859 |a AR-BbSID  |b BIB. PLAPIQUI  |h 548.83  |i K 713  |p 667